00687nam a22002057a 4500003000900000008004100009040007100050082002100121100003200142245007200174260002500246300005900271505000800330650002200338650001900360650003000379650002400409650003100433650001700464AR-CdUCM190222b ||||| |||| 00| 0 spa d aMUNICIPALIDAD PROVINCIAL DEL CUSCOcBIBLIOTECA MUNICIPAL DEL CUSCO a985.613/V21bV21 aValenzuela Lovón, Armando aHistoria de Huaraypata y Pampa Qhewar /cArmando Valenzuela Lovón aCusco :bs/n,c2020. a86 páginas ;c20 cm. eIlustraciones, fotografías. a  aHistoria regional aHistoria local aComunidad Reforma Agraria aDistrito Quiquijana aProvincia de Quispicanchis aCusco Perú